[Event "European Rapid Championship 2021"]
[Site "Katowice"]
[Date "2021.12.19"]
[Round "9.6"]
[White "Dzierzak, Radoslaw"]
[Black "Kalogeris, Ioannis"]
[Result "1/2-1/2"]
[WhiteElo "2075"]
[BlackElo "2357"]
[Annotator "NA"]
[PlyCount "67"]
[EventDate "2021.12.18"]
[EventType "swiss"]
[EventCountry "POL"]
[SourceTitle "playchess.com"]
[Source "ChessBase"]
[SourceQuality "1"]
[TimeControl "900+10"]

1. e4 {[%emt 0:00:02]} e5 {[%emt 0:02:22]} 2. Nf3 {[%emt 0:00:02]} Nc6 {
[%emt 0:00:02]} 3. Bc4 {[%emt 0:00:02]} Bc5 {[%emt 0:00:03]} 4. O-O {[%emt 0:
00:03]} Nf6 {[%emt 0:00:02]} 5. d3 {[%emt 0:00:02]} O-O {[%emt 0:00:04]} 6. Re1
{[%emt 0:00:01]} d6 {[%emt 0:00:03]} 7. c3 {[%emt 0:00:04]} Bb6 {[%emt 0:00:06]
} 8. Bb3 {[%emt 0:00:07]} Ne7 {[%emt 0:00:03]} 9. Nbd2 {[%emt 0:00:16]} Ng6 {
[%emt 0:00:22]} 10. Nf1 {[%emt 0:00:16]} c6 {[%emt 0:00:27]} 11. Ng3 {[%emt 0:
00:30]} h6 {[%emt 0:01:11]} 12. h3 {[%emt 0:00:17]} Be6 {[%emt 0:00:05]} 13.
Be3 {[%emt 0:00:22]} Bxe3 {[%emt 0:00:11]} 14. Rxe3 {[%emt 0:00:03]} Qb6 {
[%emt 0:00:30]} 15. Bxe6 {[%emt 0:01:05]} fxe6 {[%emt 0:00:03]} 16. Qc2 {
[%emt 0:00:03]} a5 {[%emt 0:01:43]} 17. a4 {[%emt 0:00:15]} Rf7 {[%emt 0:01:04]
} 18. d4 {[%emt 0:02:52]} Raf8 {[%emt 0:00:09]} 19. dxe5 {[%emt 0:00:30]} dxe5
{[%emt 0:00:02]} 20. Rd1 {[%emt 0:00:55]} Nd7 {[%emt 0:00:03]} 21. Red3 {
[%emt 0:01:55]} Nc5 {[%emt 0:00:02]} 22. R3d2 {[%emt 0:00:01]} Rxf3 {[%emt 0:
00:38]} 23. gxf3 {[%emt 0:00:10]} Rxf3 {[%emt 0:01:27]} 24. Rd8+ {[%emt 0:02:
21]} Kh7 {[%emt 0:00:02]} 25. Qe2 {[%emt 0:00:41]} Rxg3+ {[%emt 0:00:40]} 26.
fxg3 {[%emt 0:00:21]} Nd7+ {[%emt 0:00:02]} 27. Kg2 {[%emt 0:00:30]} Qxd8 {
[%emt 0:00:05]} 28. Qd2 {[%emt 0:02:34]} Ngf8 {[%emt 0:00:15]} 29. b4 {[%emt 0:
02:09]} Qb6 {[%emt 0:01:06]} 30. Rf1 {[%emt 0:00:46]} Kg8 {[%emt 0:00:26]} 31.
Qf2 {[%emt 0:00:46]} axb4 {[%emt 0:00:40]} 32. Qf7+ {[%emt 0:00:15]} Kh7 {
[%emt 0:00:02]} 33. Qe7 {[%emt 0:00:06]} Qe3 {[%emt 0:01:29]} 34. Rf7 1/2-1/2

[Event "European Rapid Championship 2021"]
[Site "Katowice"]
[Date "2021.12.19"]
[Round "9.7"]
[White "Pultinevicius, Paulius"]
[Black "Dragnev, Valentin"]
[Result "1-0"]
[WhiteElo "2536"]
[BlackElo "2409"]
[Annotator "ChessBase"]
[PlyCount "79"]
[EventDate "2021.12.18"]
[EventType "swiss"]
[EventCountry "POL"]
[SourceTitle "playchess.com"]
[Source "ChessBase"]
[SourceQuality "1"]
[TimeControl "900+10"]

1. d4 {[%emt 0:00:01]} Nf6 {[%emt 0:00:03]} 2. c4 {[%emt 0:00:01]} e6 {[%emt 0:
00:03]} 3. Nc3 {[%emt 0:00:02]} Bb4 {[%emt 0:00:08]} 4. f3 {[%emt 0:00:34]} c5
{[%emt 0:00:03]} 5. d5 {[%emt 0:00:03]} d6 {[%emt 0:00:18]} 6. e4 {[%emt 0:00:
04]} b5 {[%emt 0:00:02]} 7. Bd2 {[%emt 0:00:51]} a6 {[%emt 0:00:27]} 8. a4 {
[%emt 0:01:26]} Bxc3 {[%emt 0:00:23]} 9. Bxc3 {[%emt 0:00:09]} b4 {[%emt 0:00:
02]} 10. Bd2 {[%emt 0:00:08]} O-O {[%emt 0:00:06]} 11. Ne2 {[%emt 0:00:44]}
exd5 {[%emt 0:00:20]} 12. cxd5 {[%emt 0:00:04]} Nh5 {[%emt 0:00:18]} 13. Be3 {
[%emt 0:00:45]} f5 {[%emt 0:01:22]} 14. exf5 {[%emt 0:00:01]} Rxf5 {[%emt 0:01:
28]} 15. Qd2 {[%emt 0:00:01]} Nd7 {[%emt 0:00:53]} 16. O-O-O {[%emt 0:01:19]}
Rf8 {[%emt 0:04:16]} 17. g4 {[%emt 0:03:02]} Nhf6 {[%emt 0:00:07]} 18. Nf4 {
[%emt 0:00:04]} Ne5 {[%emt 0:00:17]} 19. Be2 {[%emt 0:00:33]} Qe8 {[%emt 0:00:
40]} 20. b3 {[%emt 0:00:32]} c4 {[%emt 0:00:47]} 21. g5 {[%emt 0:03:03]} Nh5 {
[%emt 0:03:10]} 22. Nxh5 {[%emt 0:01:34]} Qxh5 {[%emt 0:00:01]} 23. Qxb4 {
[%emt 0:00:08]} Bf5 {[%emt 0:00:48]} 24. Qxd6 {[%emt 0:02:33]} Rfe8 {[%emt 0:
01:12]} 25. b4 {[%emt 0:00:19]} Ng6 {[%emt 0:01:00]} 26. Qc5 {[%emt 0:00:13]}
c3 {[%emt 0:00:36]} 27. d6 {[%emt 0:00:23]} Bd7 {[%emt 0:00:01]} 28. a5 {
[%emt 0:00:48]} Qh3 {[%emt 0:00:11]} 29. Rde1 {[%emt 0:00:18]} Rac8 {[%emt 0:
00:18]} 30. Qd5+ {[%emt 0:00:09]} Be6 {[%emt 0:00:07]} 31. Qd4 {[%emt 0:00:01]}
Qf5 {[%emt 0:00:29]} 32. Bxa6 {[%emt 0:00:10]} Rcd8 {[%emt 0:00:17]} 33. Bd3 {
[%emt 0:00:10]} Qf7 {[%emt 0:00:01]} 34. Qxc3 {[%emt 0:00:10]} Rxd6 {[%emt 0:
00:23]} 35. Bc5 {[%emt 0:00:00]} Rxd3 {[%emt 0:00:10]} 36. Qxd3 {[%emt 0:00:02]
} Nf4 {[%emt 0:00:01]} 37. Qd4 {[%emt 0:00:12]} Rc8 {[%emt 0:00:12]} 38. Kb2 {
[%emt 0:00:04]} Qf5 {[%emt 0:00:07]} 39. Re4 {[%emt 0:00:08]} Nd5 {[%emt 0:00:
15]} 40. Qe5 {[%emt 0:00:02]} 1-0

[Event "European Rapid Championship 2021"]
[Site "Katowice"]
[Date "2021.12.19"]
[Round "9.7"]
[White "Dzhuguryan, Tygran"]
[Black "Godzwon, Iwo"]
[Result "1/2-1/2"]
[WhiteElo "2047"]
[BlackElo "2352"]
[Annotator "NA"]
[PlyCount "113"]
[EventDate "2021.12.18"]
[EventType "swiss"]
[EventCountry "POL"]
[SourceTitle "playchess.com"]
[Source "ChessBase"]
[SourceQuality "1"]
[TimeControl "900+10"]

1. d4 {[%emt 0:00:03]} Nf6 {[%emt 0:00:01]} 2. Nf3 {[%emt 0:00:06]} e6 {
[%emt 0:00:08]} 3. e3 {[%emt 0:00:07]} c5 {[%emt 0:00:14]} 4. Bd3 {[%emt 0:00:
08]} Nc6 {[%emt 0:00:18]} 5. a3 {[%emt 0:00:23]} cxd4 {[%emt 0:02:11]} 6. exd4
{[%emt 0:00:03]} g6 {[%emt 0:00:01]} 7. O-O {[%emt 0:00:06]} Bg7 {[%emt 0:00:
02]} 8. Re1 {[%emt 0:00:30]} O-O {[%emt 0:00:03]} 9. c3 {[%emt 0:01:21]} b6 {
[%emt 0:00:12]} 10. Bg5 {[%emt 0:00:37]} Bb7 {[%emt 0:00:59]} 11. Nbd2 {
[%emt 0:00:08]} h6 {[%emt 0:00:39]} 12. Bf4 {[%emt 0:00:23]} d5 {[%emt 0:00:20]
} 13. h3 {[%emt 0:00:03]} Nd7 {[%emt 0:01:02]} 14. a4 {[%emt 0:01:22]} Re8 {
[%emt 0:00:05]} 15. Nb3 {[%emt 0:01:19]} Qc8 {[%emt 0:00:29]} 16. Qd2 {[%emt 0:
01:29]} h5 {[%emt 0:00:32]} 17. Bh6 {[%emt 0:02:27]} Ba6 {[%emt 0:00:32]} 18.
Bxg7 {[%emt 0:00:20]} Kxg7 {[%emt 0:00:01]} 19. Bb5 {[%emt 0:00:29]} Nf6 {
[%emt 0:01:02]} 20. Bxc6 {[%emt 0:01:54]} Qxc6 {[%emt 0:00:01]} 21. Ne5 {
[%emt 0:00:02]} Qc7 {[%emt 0:00:00]} 22. Qf4 {[%emt 0:00:15]} Re7 {[%emt 0:00:
01]} 23. Nd2 {[%emt 0:00:09]} Ne8 {[%emt 0:00:11]} 24. Qg5 {[%emt 0:00:21]} Nd6
{[%emt 0:00:14]} 25. g4 {[%emt 0:00:08]} Rh8 {[%emt 0:00:13]} 26. Kg2 {[%emt 0:
00:23]} Bb7 {[%emt 0:00:29]} 27. f3 {[%emt 0:00:10]} Qd8 {[%emt 0:00:43]} 28.
Nf1 {[%emt 0:00:23]} Qe8 {[%emt 0:00:11]} 29. Qf4 {[%emt 0:00:10]} Qd8 {
[%emt 0:01:00]} 30. g5 {[%emt 0:00:21]} Rc7 {[%emt 0:00:09]} 31. Ne3 {[%emt 0:
00:07]} Rf8 {[%emt 0:00:03]} 32. h4 {[%emt 0:00:33]} Nc4 {[%emt 0:00:56]} 33.
b3 {[%emt 0:01:45]} Na5 {[%emt 0:02:52]} 34. b4 {[%emt 0:00:35]} Nc4 {[%emt 0:
00:02]} 35. N5xc4 {[%emt 0:00:31]} dxc4 {[%emt 0:00:01]} 36. Qe5+ {[%emt 0:00:
09]} f6 {[%emt 0:00:17]} 37. gxf6+ {[%emt 0:00:14]} Rxf6 {[%emt 0:00:01]} 38.
d5 {[%emt 0:00:13]} Bxd5 {[%emt 0:00:25]} 39. Nxd5 {[%emt 0:00:10]} exd5 {
[%emt 0:00:01]} 40. Rad1 {[%emt 0:00:09]} Rd7 {[%emt 0:00:02]} 41. Rd4 {
[%emt 0:00:08]} Kf7 {[%emt 0:00:38]} 42. Qg5 {[%emt 0:00:18]} Rf5 {[%emt 0:00:
37]} 43. Qxd8 {[%emt 0:00:07]} Rxd8 {[%emt 0:00:01]} 44. Red1 {[%emt 0:00:03]}
Ke6 {[%emt 0:00:04]} 45. Rxc4 {[%emt 0:00:07]} g5 {[%emt 0:01:31]} 46. Rc6+ {
[%emt 0:00:43]} Kd7 {[%emt 0:02:36]} 47. Rh6 {[%emt 0:00:06]} gxh4 {[%emt 0:00:
14]} 48. c4 {[%emt 0:00:01]} Rg8+ {[%emt 0:00:01]} 49. Kf2 {[%emt 0:00:01]}
Rgg5 {[%emt 0:00:04]} 50. cxd5 {[%emt 0:00:36]} Rxd5 {[%emt 0:00:19]} 51. f4 {
[%emt 0:00:28]} Rgf5 {[%emt 0:00:34]} 52. Rxd5+ {[%emt 0:00:02]} Rxd5 {[%emt 0:
00:01]} 53. Rh7+ {[%emt 0:00:02]} Kc6 {[%emt 0:00:09]} 54. Rxa7 {[%emt 0:00:02]
} Rd4 {[%emt 0:00:00]} 55. b5+ {[%emt 0:00:11]} Kc5 {[%emt 0:00:03]} 56. a5 {
[%emt 0:00:01]} Rxf4+ 57. Kg2 {[%emt 0:00:01]} 1/2-1/2

[Event "European Rapid Championship 2021"]
[Site "Katowice"]
[Date "2021.12.19"]
[Round "9.8"]
[White "Durarbayli, Vasif"]
[Black "Piesik, Piotr"]
[Result "1/2-1/2"]
[WhiteElo "2532"]
[BlackElo "2342"]
[Annotator "ChessBase"]
[PlyCount "63"]
[EventDate "2021.12.18"]
[EventType "swiss"]
[EventCountry "POL"]
[SourceTitle "playchess.com"]
[Source "ChessBase"]
[SourceQuality "1"]
[TimeControl "900+10"]

1. e4 {[%emt 0:00:01]} c6 {[%emt 0:00:01]} 2. d4 {[%emt 0:00:01]} d5 {[%emt 0:
00:01]} 3. exd5 {[%emt 0:00:01]} cxd5 {[%emt 0:00:01]} 4. c4 {[%emt 0:00:01]}
Nf6 {[%emt 0:00:02]} 5. Nc3 {[%emt 0:00:00]} e6 {[%emt 0:00:01]} 6. Nf3 {
[%emt 0:00:02]} Bb4 {[%emt 0:00:01]} 7. cxd5 {[%emt 0:00:06]} Nxd5 {[%emt 0:00:
03]} 8. Bd2 {[%emt 0:00:02]} Nc6 {[%emt 0:00:06]} 9. Bd3 {[%emt 0:00:02]} O-O {
[%emt 0:00:47]} 10. O-O {[%emt 0:00:05]} Nf6 {[%emt 0:00:12]} 11. Bg5 {[%emt 0:
01:13]} Be7 {[%emt 0:00:43]} 12. a3 {[%emt 0:00:12]} b6 {[%emt 0:01:04]} 13.
Re1 {[%emt 0:00:29]} Bb7 {[%emt 0:00:07]} 14. Bc2 {[%emt 0:00:42]} Rc8 {
[%emt 0:01:04]} 15. Qd3 {[%emt 0:02:12]} g6 {[%emt 0:00:02]} 16. Rad1 {[%emt 0:
00:02]} Nd5 {[%emt 0:00:21]} 17. Bh6 {[%emt 0:01:28]} Re8 {[%emt 0:00:02]} 18.
Ba4 {[%emt 0:01:14]} Nxc3 {[%emt 0:01:04]} 19. bxc3 {[%emt 0:00:03]} Qd5 {
[%emt 0:00:07]} 20. c4 {[%emt 0:01:59]} Qh5 {[%emt 0:00:14]} 21. Qe3 {[%emt 0:
00:48]} Red8 {[%emt 0:03:07]} 22. d5 {[%emt 0:01:10]} exd5 {[%emt 0:00:02]} 23.
Rxd5 {[%emt 0:01:17]} Bc5 {[%emt 0:03:28]} 24. Qd2 {[%emt 0:01:42]} Rxd5 {
[%emt 0:00:31]} 25. cxd5 {[%emt 0:00:02]} Nd4 {[%emt 0:00:20]} 26. Nxd4 {
[%emt 0:01:05]} Bxd4 {[%emt 0:00:02]} 27. Qxd4 {[%emt 0:01:03]} Qxh6 {[%emt 0:
00:01]} 28. Bc6 {[%emt 0:00:14]} Bxc6 {[%emt 0:00:34]} 29. dxc6 {[%emt 0:00:00]
} Qf8 {[%emt 0:00:01]} 30. Qd7 {[%emt 0:00:14]} Qd8 {[%emt 0:00:28]} 31. g3 {
[%emt 0:00:33]} Kg7 {[%emt 0:00:13]} 32. Qxd8 {[%emt 0:01:01]} 1/2-1/2

[Event "European Rapid Championship 2021"]
[Site "Katowice"]
[Date "2021.12.19"]
[Round "9.8"]
[White "Lewtak, Dominik"]
[Black "Janaszak, Dawid"]
[Result "1/2-1/2"]
[WhiteElo "2165"]
[BlackElo "2328"]
[Annotator "NA"]
[PlyCount "134"]
[EventDate "2021.12.18"]
[EventType "swiss"]
[EventCountry "POL"]
[SourceTitle "playchess.com"]
[Source "ChessBase"]
[SourceQuality "1"]
[TimeControl "900+10"]

1. d4 {[%emt 0:00:02]} Nf6 {[%emt 0:00:01]} 2. Nf3 {[%emt 0:00:04]} g6 {
[%emt 0:00:03]} 3. c4 {[%emt 0:00:09]} c5 {[%emt 0:00:36]} 4. dxc5 {[%emt 0:00:
12]} Na6 {[%emt 0:00:20]} 5. Nc3 {[%emt 0:00:19]} Nxc5 {[%emt 0:00:25]} 6. b4 {
[%emt 0:00:19]} Ne6 {[%emt 0:01:07]} 7. e3 {[%emt 0:00:07]} a5 {[%emt 0:00:15]}
8. bxa5 {[%emt 0:00:17]} Bg7 {[%emt 0:00:20]} 9. Rb1 {[%emt 0:01:06]} Qxa5 {
[%emt 0:00:27]} 10. Bd2 {[%emt 0:00:10]} O-O {[%emt 0:00:21]} 11. Be2 {[%emt 0:
00:11]} Qc5 {[%emt 0:02:55]} 12. O-O {[%emt 0:01:04]} d6 {[%emt 0:00:03]} 13.
Qc2 {[%emt 0:00:24]} Nc7 {[%emt 0:01:35]} 14. Nd4 {[%emt 0:01:19]} Ng4 {
[%emt 0:03:49]} 15. Na4 {[%emt 0:00:37]} Qe5 {[%emt 0:00:35]} 16. Bxg4 {
[%emt 0:02:28]} Bxg4 {[%emt 0:00:02]} 17. Rxb7 {[%emt 0:00:13]} Ne6 {[%emt 0:
01:19]} 18. Nc6 {[%emt 0:01:45]} Qg5 {[%emt 0:00:22]} 19. f4 {[%emt 0:00:46]}
Qh5 {[%emt 0:00:17]} 20. Nxe7+ {[%emt 0:00:14]} Kh8 {[%emt 0:00:01]} 21. Bc3 {
[%emt 0:00:59]} f6 {[%emt 0:00:38]} 22. Rb5 {[%emt 0:01:41]} Nc5 {[%emt 0:00:
05]} 23. Nxc5 {[%emt 0:01:11]} dxc5 {[%emt 0:00:01]} 24. Bd4 {[%emt 0:00:29]}
Bd7 {[%emt 0:01:00]} 25. Rxc5 {[%emt 0:00:10]} Qg4 {[%emt 0:00:01]} 26. Nd5 {
[%emt 0:00:50]} Ba4 {[%emt 0:00:03]} 27. Qc3 {[%emt 0:00:14]} Ra6 {[%emt 0:00:
28]} 28. Ra5 {[%emt 0:00:10]} Rxa5 {[%emt 0:01:03]} 29. Qxa5 {[%emt 0:00:01]}
Bc6 {[%emt 0:00:05]} 30. Qb6 {[%emt 0:00:35]} Rc8 {[%emt 0:00:34]} 31. h3 {
[%emt 0:00:09]} Qe2 {[%emt 0:00:01]} 32. Qb3 {[%emt 0:00:20]} h5 {[%emt 0:00:
44]} 33. Qb2 {[%emt 0:00:21]} Qxc4 {[%emt 0:00:16]} 34. Nxf6 {[%emt 0:00:04]}
Ra8 {[%emt 0:00:30]} 35. a3 {[%emt 0:00:06]} Rf8 {[%emt 0:00:16]} 36. e4 {
[%emt 0:00:30]} Bxe4 {[%emt 0:00:06]} 37. Rc1 {[%emt 0:00:12]} Qd3 {[%emt 0:00:
03]} 38. Rc7 {[%emt 0:00:32]} Qb1+ {[%emt 0:00:30]} 39. Qxb1 {[%emt 0:00:03]}
Bxb1 {[%emt 0:00:01]} 40. Rxg7 {[%emt 0:00:24]} Kxg7 {[%emt 0:00:01]} 41. Nd7+
{[%emt 0:00:01]} Kf7 {[%emt 0:00:01]} 42. Nxf8 {[%emt 0:00:03]} Kxf8 {[%emt 0:
00:01]} 43. a4 {[%emt 0:00:09]} Ke8 {[%emt 0:00:03]} 44. a5 {[%emt 0:00:01]}
Kd7 {[%emt 0:00:09]} 45. Kf2 {[%emt 0:00:06]} Kc6 {[%emt 0:00:03]} 46. a6 {
[%emt 0:00:07]} Bd3 {[%emt 0:00:03]} 47. a7 {[%emt 0:00:03]} Kb7 {[%emt 0:00:
01]} 48. Kg3 {[%emt 0:00:08]} Be4 {[%emt 0:00:01]} 49. Kf2 {[%emt 0:00:20]} Ka8
{[%emt 0:00:05]} 50. g4 {[%emt 0:01:21]} hxg4 {[%emt 0:00:02]} 51. h4 {[%emt 0:
00:01]} Bc2 {[%emt 0:00:30]} 52. Kg3 {[%emt 0:00:13]} Bf5 {[%emt 0:00:02]} 53.
Bg1 {[%emt 0:00:05]} Be6 {[%emt 0:00:04]} 54. Be3 {[%emt 0:00:12]} Bf5 {
[%emt 0:00:01]} 55. Kf2 {[%emt 0:00:02]} Be6 {[%emt 0:00:06]} 56. Ke2 {[%emt 0:
00:04]} Bc4+ {[%emt 0:00:03]} 57. Kd2 {[%emt 0:00:03]} Be6 {[%emt 0:00:26]} 58.
Kc3 {[%emt 0:00:01]} g3 {[%emt 0:00:09]} 59. Kd4 {[%emt 0:00:05]} Bb3 {[%emt 0:
00:54]} 60. Ke5 {[%emt 0:00:12]} Bc2 {[%emt 0:00:03]} 61. Kf6 {[%emt 0:00:01]}
Bd3 {[%emt 0:00:07]} 62. Kg5 {[%emt 0:00:03]} g2 {[%emt 0:00:12]} 63. Kg4 {
[%emt 0:00:05]} Be4 {[%emt 0:00:13]} 64. Kg3 {[%emt 0:00:02]} Kb7 {[%emt 0:00:
05]} 65. f5 {[%emt 0:00:13]} Bxf5 {[%emt 0:00:11]} 66. Kxg2 {[%emt 0:00:09]}
Bg4 {[%emt 0:00:02]} 67. Kg3 {[%emt 0:00:01]} Bh5 {[%emt 0:00:01]} 1/2-1/2

[Event "European Rapid Championship 2021"]
[Site "Katowice"]
[Date "2021.12.19"]
[Round "9.9"]
[White "Tazbir, Marcin"]
[Black "Bjerre, Jonas Buhl"]
[Result "1/2-1/2"]
[WhiteElo "2514"]
[BlackElo "2330"]
[Annotator "ChessBase"]
[PlyCount "111"]
[EventDate "2021.12.18"]
[EventType "swiss"]
[EventCountry "POL"]
[SourceTitle "playchess.com"]
[Source "ChessBase"]
[SourceQuality "1"]
[TimeControl "900+10"]

1. c4 {[%emt 0:00:02]} c5 {[%emt 0:00:01]} 2. g3 {[%emt 0:00:01]} Nc6 {[%emt 0:
00:02]} 3. Bg2 {[%emt 0:00:02]} g6 {[%emt 0:00:00]} 4. Nc3 {[%emt 0:00:01]} Bg7
{[%emt 0:00:01]} 5. e3 {[%emt 0:00:01]} e6 {[%emt 0:00:18]} 6. Nge2 {[%emt 0:
00:01]} Nge7 {[%emt 0:00:01]} 7. Nf4 {[%emt 0:00:01]} O-O {[%emt 0:00:15]} 8.
O-O {[%emt 0:00:37]} a6 {[%emt 0:00:02]} 9. b3 {[%emt 0:00:13]} b5 {[%emt 0:00:
30]} 10. Rb1 {[%emt 0:00:47]} Rb8 {[%emt 0:00:18]} 11. Qe2 {[%emt 0:00:28]}
bxc4 {[%emt 0:03:07]} 12. Qxc4 {[%emt 0:00:07]} Qa5 {[%emt 0:00:36]} 13. Na4 {
[%emt 0:00:31]} d6 {[%emt 0:00:38]} 14. d4 {[%emt 0:00:20]} e5 {[%emt 0:01:05]}
15. dxe5 {[%emt 0:02:01]} Nxe5 {[%emt 0:00:02]} 16. Qc2 {[%emt 0:00:01]} Bf5 {
[%emt 0:00:06]} 17. e4 {[%emt 0:00:02]} Bd7 {[%emt 0:00:33]} 18. Bd2 {[%emt 0:
00:07]} Qc7 {[%emt 0:00:31]} 19. Nc3 {[%emt 0:00:01]} Bb5 {[%emt 0:00:32]} 20.
Rfe1 {[%emt 0:00:40]} N7c6 {[%emt 0:00:10]} 21. Nxb5 {[%emt 0:01:18]} axb5 {
[%emt 0:00:04]} 22. Bc3 {[%emt 0:00:02]} Qa7 {[%emt 0:00:33]} 23. Red1 {
[%emt 0:03:36]} b4 {[%emt 0:00:44]} 24. Ba1 {[%emt 0:00:09]} Nd4 {[%emt 0:00:
22]} 25. Bxd4 {[%emt 0:00:02]} cxd4 {[%emt 0:00:01]} 26. Rbc1 {[%emt 0:00:01]}
Ra8 {[%emt 0:02:19]} 27. Rd2 {[%emt 0:00:25]} Bh6 {[%emt 0:00:31]} 28. Qd1 {
[%emt 0:01:20]} Rfc8 {[%emt 0:00:47]} 29. Rxc8+ {[%emt 0:01:40]} Rxc8 {[%emt 0:
00:01]} 30. h3 {[%emt 0:00:01]} d3 {[%emt 0:00:50]} 31. Qb1 {[%emt 0:00:26]}
Rc3 {[%emt 0:00:54]} 32. Rd1 {[%emt 0:00:09]} Qd4 {[%emt 0:00:31]} 33. Qb2 {
[%emt 0:01:36]} Qc5 {[%emt 0:00:43]} 34. Qd2 {[%emt 0:00:41]} Rc2 {[%emt 0:00:
02]} 35. Qe1 {[%emt 0:00:01]} Qd4 {[%emt 0:01:57]} 36. Qe3 {[%emt 0:00:17]}
Qxe3 {[%emt 0:00:31]} 37. fxe3 {[%emt 0:00:02]} Rxa2 {[%emt 0:00:09]} 38. Nxd3
{[%emt 0:00:04]} Bxe3+ {[%emt 0:00:03]} 39. Kh2 {[%emt 0:00:03]} Bd2 {[%emt 0:
00:33]} 40. Nxe5 {[%emt 0:00:22]} dxe5 {[%emt 0:00:00]} 41. Kh1 {[%emt 0:00:21]
} Rb2 {[%emt 0:00:10]} 42. Bf1 {[%emt 0:00:01]} Kg7 {[%emt 0:00:17]} 43. Bc4 {
[%emt 0:00:16]} f5 {[%emt 0:00:06]} 44. exf5 {[%emt 0:00:02]} gxf5 {[%emt 0:00:
01]} 45. Rf1 {[%emt 0:00:01]} f4 {[%emt 0:00:16]} 46. gxf4 {[%emt 0:00:07]}
Bxf4 {[%emt 0:00:03]} 47. Rg1+ {[%emt 0:00:01]} Kf6 {[%emt 0:00:11]} 48. Rg2 {
[%emt 0:00:00]} Bd2 {[%emt 0:00:01]} 49. Rf2+ {[%emt 0:00:10]} Ke7 {[%emt 0:00:
20]} 50. Bd3 {[%emt 0:00:01]} h6 {[%emt 0:00:05]} 51. Kg2 {[%emt 0:00:13]} Kd6
{[%emt 0:00:04]} 52. Re2 {[%emt 0:00:18]} Kd5 {[%emt 0:00:11]} 53. Bc4+ {
[%emt 0:00:01]} Kd4 {[%emt 0:01:09]} 54. Kf3 {[%emt 0:00:01]} Bc3 {[%emt 0:00:
15]} 55. Rxb2 {[%emt 0:00:04]} Bxb2 {[%emt 0:00:02]} 56. Ke2 {[%emt 0:00:05]}
1/2-1/2

[Event "European Rapid Championship 2021"]
[Site "Katowice"]
[Date "2021.12.19"]
[Round "9.9"]
[White "Walter, Szymon"]
[Black "Samborski, Henryk"]
[Result "1-0"]
[WhiteElo "2203"]
[BlackElo "2029"]
[Annotator "NA"]
[PlyCount "61"]
[EventDate "2021.12.18"]
[EventType "swiss"]
[EventCountry "POL"]
[SourceTitle "playchess.com"]
[Source "ChessBase"]
[SourceQuality "1"]
[TimeControl "900+10"]

1. e4 {[%emt 0:00:02]} c5 {[%emt 0:00:10]} 2. Nc3 {[%emt 0:00:04]} Nc6 {
[%emt 0:00:07]} 3. f4 {[%emt 0:00:04]} g6 {[%emt 0:00:21]} 4. Nf3 {[%emt 0:00:
03]} Bg7 {[%emt 0:00:02]} 5. Bb5 {[%emt 0:00:02]} Nd4 {[%emt 0:01:26]} 6. O-O {
[%emt 0:00:03]} Nxb5 {[%emt 0:01:38]} 7. Nxb5 {[%emt 0:00:02]} a6 {[%emt 0:00:
16]} 8. Nc3 {[%emt 0:00:02]} d6 {[%emt 0:00:38]} 9. d3 {[%emt 0:00:04]} Nf6 {
[%emt 0:00:46]} 10. Qe1 {[%emt 0:00:06]} Bg4 {[%emt 0:03:10]} 11. Nd2 {[%emt 0:
00:07]} O-O {[%emt 0:00:46]} 12. f5 {[%emt 0:00:19]} gxf5 {[%emt 0:00:09]} 13.
h3 {[%emt 0:00:04]} Bh5 {[%emt 0:01:10]} 14. exf5 {[%emt 0:00:02]} d5 {[%emt 0:
00:06]} 15. g4 {[%emt 0:00:24]} Bxg4 {[%emt 0:00:09]} 16. hxg4 {[%emt 0:00:02]}
Nxg4 {[%emt 0:00:02]} 17. Qg3 {[%emt 0:00:29]} Kh8 {[%emt 0:00:41]} 18. Qxg4 {
[%emt 0:01:16]} Bxc3 {[%emt 0:00:05]} 19. Kh1 {[%emt 0:00:16]} Rg8 {[%emt 0:00:
15]} 20. Qh5 {[%emt 0:00:14]} Bf6 {[%emt 0:01:34]} 21. Nf3 {[%emt 0:00:22]} Qd6
{[%emt 0:00:39]} 22. Bg5 {[%emt 0:00:47]} Rg7 {[%emt 0:01:30]} 23. Rg1 {
[%emt 0:01:03]} Rag8 {[%emt 0:00:28]} 24. Bxf6 {[%emt 0:01:22]} Qxf6 {[%emt 0:
00:05]} 25. Rxg7 {[%emt 0:00:50]} Rxg7 {[%emt 0:00:04]} 26. c3 {[%emt 0:00:38]}
e5 {[%emt 0:00:31]} 27. fxe6 {[%emt 0:03:16]} fxe6 {[%emt 0:00:05]} 28. Rg1 {
[%emt 0:00:16]} Rxg1+ {[%emt 0:01:33]} 29. Kxg1 {[%emt 0:00:03]} b5 {[%emt 0:
00:25]} 30. d4 {[%emt 0:01:54]} cxd4 {[%emt 0:00:18]} 31. cxd4 {[%emt 0:00:04]}
1-0

[Event "European Rapid Championship 2021"]
[Site "Katowice"]
[Date "2021.12.19"]
[Round "9.10"]
[White "Kyc, Jerzy"]
[Black "Schneider, Ilja"]
[Result "1-0"]
[WhiteElo "2308"]
[BlackElo "2490"]
[Annotator "ChessBase"]
[PlyCount "55"]
[EventDate "2021.12.18"]
[EventType "swiss"]
[EventCountry "POL"]
[SourceTitle "playchess.com"]
[Source "ChessBase"]
[SourceQuality "1"]
[TimeControl "900+10"]

1. e4 {[%emt 0:00:02]} e5 {[%emt 0:00:01]} 2. Nf3 {[%emt 0:00:01]} d6 {[%emt 0:
00:04]} 3. d4 {[%emt 0:00:08]} exd4 {[%emt 0:00:01]} 4. Nxd4 {[%emt 0:00:01]}
Nf6 {[%emt 0:00:01]} 5. Nc3 {[%emt 0:00:02]} Be7 {[%emt 0:00:00]} 6. Be2 {
[%emt 0:00:08]} O-O {[%emt 0:00:03]} 7. O-O {[%emt 0:00:03]} Re8 {[%emt 0:00:
01]} 8. f4 {[%emt 0:00:13]} Bf8 {[%emt 0:00:03]} 9. Bf3 {[%emt 0:00:04]} c5 {
[%emt 0:00:01]} 10. Nb3 {[%emt 0:01:12]} Nc6 {[%emt 0:00:03]} 11. Kh1 {[%emt 0:
00:25]} a5 {[%emt 0:02:59]} 12. a4 {[%emt 0:00:12]} Nb4 {[%emt 0:00:42]} 13.
Be3 {[%emt 0:00:47]} d5 {[%emt 0:01:17]} 14. Bxc5 {[%emt 0:01:07]} dxe4 {
[%emt 0:01:06]} 15. Qxd8 {[%emt 0:01:11]} Rxd8 {[%emt 0:00:01]} 16. Nxe4 {
[%emt 0:00:17]} Nxc2 {[%emt 0:01:05]} 17. Nxf6+ {[%emt 0:00:23]} gxf6 {[%emt 0:
00:01]} 18. Rac1 {[%emt 0:00:26]} Be6 {[%emt 0:01:02]} 19. Bxf8 {[%emt 0:00:11]
} Bxb3 {[%emt 0:00:05]} 20. Be7 {[%emt 0:00:13]} Rd7 {[%emt 0:00:44]} 21. Bxf6
{[%emt 0:00:11]} Bxa4 {[%emt 0:02:05]} 22. Bd1 {[%emt 0:00:25]} Rc7 {[%emt 0:
00:02]} 23. Rf3 {[%emt 0:05:02]} Rc6 {[%emt 0:01:35]} 24. Rg3+ {[%emt 0:00:11]}
Kf8 {[%emt 0:00:01]} 25. Bg7+ Ke7 26. Bc3 {[%emt 0:01:51]} Rd8 {[%emt 0:00:41]}
27. h3 {[%emt 0:00:17]} Rxc3 {[%emt 0:02:55]} 28. Rxc3 {[%emt 0:00:06]} 1-0